The Sopranos: Characters by Number of Lines - Statistics

General Stats
  • This quiz has been taken 228 times
  • The average score is 22 of 40
Answer Stats
Number of lines Character % Correct
10494 Tony Soprano
100%
1288 Meadow Soprano
98%
1706 Paulie Gualtieri
98%
2624 Christopher Moltisanti
97%
3731 Carmela Soprano
96%
1181 Silvio Dante
95%
1180 Anthony Soprano, Jr.
94%
1116 Corrado Soprano, Jr.
88%
882 Adriana La Cerva
79%
511 Big Pussy Bonpensiero
78%
1399 Dr. Jennifer Melfi
78%
626 Bobby Baccalieri Jr.
76%
591 Ralph Cifaretto
75%
1077 Janice Soprano
72%
419 Vito Spatafore
72%
504 Livia Soprano
68%
584 John Sacrimoni
67%
338 Phil Leotardo
65%
346 Richie Aprile
61%
265 Jackie Aprile Jr.
60%
639 Artie Bucco
59%
135 Little Carmine Lupertazzi
55%
264 Furio Giunta
48%
389 Tony Blundetto
48%
203 Patsy Parisi
39%
259 Rosalie Aprile
37%
152 Finn DeTrolio
35%
178 Dwight Harris
32%
216 Gloria Trillo
31%
149 Charmaine Bucco
30%
283 Hesh Rabkin
30%
156 Benny Fazio
29%
153 Eugene Pontecorvo
28%
127 Irina Peltsin
25%
121 Mikey Palmice
23%
122 Valentina La Paz
18%
125 Angie Bonpensiero
16%
128 Davey Scatino
7%
123 Julianna Skiff
0%
192 Phil Intintola
0%
No matching quizzes found
Score Distribution
Percent of People with Each Score
Percentile by Number Answered
Your Score History
You have not taken this quiz